Countries recognizing the Opposition Government of Venezuela - Statistics

General Stats
  • This quiz has been taken 74 times
  • The average score is 16 of 22
Answer Stats
Hint Answer % Correct
22 United States
98%
2 Argentina
93%
6 Canada
93%
7 Chile
92%
8 Colombia
92%
12 Ecuador
92%
20 Paraguay
92%
21 Peru
92%
5 Brazil
90%
19 Panama
90%
9 Costa Rica
81%
16 Honduras
81%
14 Guatemala
80%
11 Dominican Republic
73%
3 Australia
66%
15 Haiti
66%
4 Bahamas
47%
17 Israel
44%
1 Albania
32%
10 Denmark
32%
13 Georgia
24%
18 Kosovo
20%
No matching quizzes found
Score Distribution
Percent of People with Each Score
Percentile by Number Answered
Your Score History
You have not taken this quiz